Monopol na trhu práce.

Základy mikroekonomickej teórie odborov podľa najznámejších učebníc ekonómie (Samuelson a Nordhaus 1989, Gravelle a Rees 1984). Hlavné ciele odborov (zamestnanosť a mzdy). Vývoj teoretických predstáv o odborovom monopole, pokus o vysvetlenie ponukového správania odborového monopolu. Metóda analógie...

Descrizione completa

Salvato in:
Dettagli Bibliografici
Autore principale: Flek, Vladislav
Natura: Capitolo di libro
Lingua:ceco
Soggetti:
Tags: Aggiungi Tag
Nessun Tag, puoi essere il primo ad aggiungerne!!

MARC

LEADER 00000naa a2200000 4500
001 r012509
005 20220826094828.1
041 0 |a cze 
044 |a CZ 
245 1 0 |a Monopol na trhu práce.  |c Vladislav Flek 
520 |a Základy mikroekonomickej teórie odborov podľa najznámejších učebníc ekonómie (Samuelson a Nordhaus 1989, Gravelle a Rees 1984). Hlavné ciele odborov (zamestnanosť a mzdy). Vývoj teoretických predstáv o odborovom monopole, pokus o vysvetlenie ponukového správania odborového monopolu. Metóda analógie s monopolom na trhu produktov. Trajektória mzdových preferencií. Súčasná teória odborového monopolu na trhu práce. Pokračovanie. 
610 2 0 |a trh práce 
610 2 0 |a monopoly 
610 2 0 |a odbory 
610 2 0 |a teórie ekonomické 
610 2 0 |a vyjednávanie kolektívne 
610 2 0 |a mzdy 
610 2 0 |a zamestnanosť 
610 2 0 |a zamestnávatelia 
610 2 0 |a metódy ekonomicko-matematické 
100 1 |a Flek, Vladislav